000
00205 a2200097 4500
001
718
100
_a
Henney,W
245
_a
Electronic components handbook
260
_a
_b
Mcgrawhill
_c
090
_c
314
_d
314
942
_a
NUST-CAE
_c
M
_c
23780
999
_c
235791
_d
235791